| 000 | 00612aam a2200241 4500 | ||
|---|---|---|---|
| 005 | 20231206135934.0 | ||
| 008 | 150608b2004 xxu||||| |||| 00| 0 spa d | ||
| 041 | _aESP | ||
| 082 | _a345 B957d | ||
| 100 |
_aBurgos Mata, Álvaro _91161 |
||
| 245 | _aDerecho penal especial: antología | ||
| 260 | _aCosta Rica | ||
| 260 | _bEUNED | ||
| 260 | _c2004 | ||
| 300 | _a376 páginas | ||
| 650 | _aDERECHO PENAL | ||
| 650 | _aDELITOS CONTRA LA VIDA | ||
| 650 | _aDELITOS SEXUALES | ||
| 650 | _aDELITOS CONTRA LA PROPIEDAD | ||
| 650 | _aDELITOS DE LA FUNCIÓN PUBLICA | ||
| 942 |
_cBK _2ddc |
||
| 999 |
_c1226 _d1226 |
||